Statistics for Demonyms for US States

Click here to take the quiz!

General Stats

  • This quiz has been taken 79 times
  • The average score is 33 of 50

Answer Stats

State % Correct
Californian
96%
Texan
89%
Georgian
89%
Hawaiian
89%
New Yorker
88%
Iowan
86%
Alaskan
86%
Nevadan
83%
New Mexican
83%
North Dakotan
82%
Virginian
81%
Floridian
81%
South Dakotan
81%
Nebraskan
81%
Arizonan
79%
Minnesotan
78%
Oklahoman
78%
Washingtonian
76%
Pennsylvanian
75%
Oregonian
75%
West Virginian
75%
Montanan
74%
Missourian
74%
North Carolinian
71%
Idahoan
71%
South Carolinian
71%
Ohioan
71%
Mississippian
69%
Kentuckian
68%
Kansan
68%
Coloradan
67%
Alabamian
64%
Marylander
64%
Arkansan
61%
Vermonter
61%
Rhode Islander
61%
Mainer
60%
Michiganian
53%
Louisianian
50%
Wisconsinite
46%
Indianian
44%
Illinoisan
43%
Tennessean
43%
New Jerseyan
40%
Connecticuter
39%
Wyomingite
38%
Delawarean
38%
Utahn
36%
New Hampshirite
33%
Massachusettsan
19%

Score Distribution

Percentile by Number Answered

Percent of People with Each Score

Your Score History

You have not taken this quiz